000 nam a22 7a 4500
999 _c10699
_d10699
008 180220b ||||| |||| 00| 0 eng d
100 _aPrakhasan J
_96565
245 _aMilind mulick @Home
260 _aMumbai
_c2011